000
00254 a2200085 4500
100
1
_a
Vlasenkov, A.T..
_e
Autor
245
0
_a
Uspechi radioizmeritel'noj techniki /
_c
Vlasenkov A.T..
710
2
_a
Znanie.
_e
Wydawca
_4
pbl
260
_a
Moskva :
_b
Znanie,
_c
1971.
300
_a
46 s.;
_c
24 cm.
999
_c
13603
_d
13603